=LDR 00000nam 2200000 4500 =001 INLIS000000000017587 =005 20130612112811 =008 ***********************************Ind** =035 ##$$a0010-061300000017587 =041 ##$$a Ind =082 ##$$a 616 =090 ##$$a 616, Wal k =100 ##$$a Walsh, T. Declan =245 ##$$a Kapita selekta penyakit dan terapi, T. Declan Walsh ; alih bahasa, Carolina Wijaya =260 ##$$a 1997 $b Jakarta =300 ##$$a xiv, 556 hlm, ilus, 24 cm =650 ##$$a Penyakit =700 ##$$a Wijaya, Carolina =850 ##$$a NBPNMAT =990 ##$$a 90261/BPAP-NTB/2014